Представление документа в формате RUSMARC

ПолеНазваниеЗначение
  Тип записи a
  Библиографический уровень m
001 Контрольный номер UONB/MAIN/1c9119ed341f4eac92273bbc84d95a17
005 Дата корректировки 20260505152316.2
010 Индекс ISBN __
9 Тираж 8550 экз.
100 Данные общей обработки __
a Данные общей обработки 20260505d1974 u y0rusy0189## ca
101 Язык документа 0_
a Язык текста rus
102 Страна публикации __
a Страна публикации RU
105 Кодированные данные (монография) __
a Кодированные данные (монография) y z 000yy
200 Заглавие и сведения об ответственности 1_
a Заглавие Анализ накладных расходов в научных учреждениях
f Первые сведения об ответственности И. В. Шульгина
203 Вид содержания и тип средства __
a Вид содержания Текст
b Характеристика содержания визуальный
c Тип средства непосредственный
210 Выходные данные 1_
a Место издания Москва
c Издательство Финансы
d Дата издания 1974
215 Физическое описание __
a Объем 79 с.
d Формат 19 см
606 Тематические рубрики 0_
a Основная рубрика Научно-исследовательская работа
x Основная подрубрика Накладные расходы
610 Ключевые слова 0_
a Ключевые слова накладные расходы; научно-исследовательская работа
686 Индексы других классификаций __
a Классификационный индекс 72.6
2 Код системы rubbk
700 Автор _1
a Фамилия Шульгина
b Имя (инициалы) И. В.
g Полное личное имя Ирина Викторовна
801 Источник записи _0
a Страна RU
b Организация Ульяновская ОНБ
c Дата составления 20260505
g Правила каталогизации RCR
801 Источник записи _1
a Страна RU
b Организация Ульяновская ОНБ
c Дата составления 20260505
g Правила каталогизации RCR
901 Тип документа __
t Тип документа m
909 Создатель записи __
a Создатель записи Полковникова
b Дата создания записи 20260505